000
00262 a2200097 4500
999
_c
323078
_d
323078
001
88005
003
NUST
082
_a
808.006 IRZ
245
_a
Writing for the Technical Professions
_c
Thomas N.Trzyna
_h
English
260
_a
USA
_b
Wadsworth
_c
1987
942
_a
CAE NUST
_c
BK
_k
808.006 TRE
_2
ddc